| 000 | 00499nam a2200145Ia 4500 | ||
|---|---|---|---|
| 999 |
_c16560 _d16560 |
||
| 082 | _aTM.0173 | ||
| 100 | _aMukherji, Purnendu Shekhar | ||
| 245 | 0 | _aLocal finance and economic development : A case study of the local bodies in the district of Hazaribagh | |
| 260 |
_c1969 _bUniversity of Ranchi |
||
| 300 | _a419p. + C D - 48 | ||
| 650 | _aMUNICIPAL FINANCE - BIHAR - HAZARIBAGH DISTRICT | ||
| 650 | _aLOCAL FINANCE - BIHAR - HAZARIBAGH DISTRICT | ||
| 710 | _aTripathy, R.N. | ||
| 942 |
_cTH _2ddc |
||